000 01354nam a2200313Ia 4500
999 _c37452
_d37452
001 3413
003 GE_BSU
005 20190606182730.0
008 181216s1989|||| |||||||||||||| ||geo||
020 _a5505001793
040 _cGE_BSU
041 _ageo
080 _a51(076.1) უ-41
245 _aუმაღლესი მათემატიკის ამოცანათა კრებული : l ნაწ. დამხმ.სახელმძღვ. /
_cნ. დურგლიშვილი ; ა.ბუაძე ; მ. იოსავა ; ო. მელაძე ; ლ. სიგუა ; რედ : რ.დანელია.
245 _bდამხმ.სახელმძღვ.
245 _cრედ.რ.დანელია.
260 _aთბ.
260 _bგანათლება.
264 _aთბილისი :
_bგანათლება,
_c1989.
300 _a442 გვ. :
_c22 სმ.
653 _aუმაღლესი მათემატიკა
700 _aდურგლიშვილი,ნ
_91677
700 _a ბუაძე,ა
_91678
700 _aიოსავა,მ
_91679
700 _aმელაძე,ო
_91680
700 _aსიგუა,ლ
_91681
700 _aდანელია,რ
_eრედაქტორი
_91682
942 _cBK
_2udc